The politics of critique /
Պահպանված է:
| Հիմնական հեղինակ: | |
|---|---|
| Ձևաչափ: | Գիրք |
| Լեզու: | English |
| Հրապարակվել է: |
Minneapolis, MN :
University of Minnesota Press,
c1988.
|
| Խորագրեր: | |
| Ցուցիչներ: |
Ավելացրեք ցուցիչ
Չկան պիտակներ, Եղեք առաջինը, ով նշում է այս գրառումը!
|
MARC
| LEADER | 00000pam a2200000 a 4500 | ||
|---|---|---|---|
| 001 | 2910140 | ||
| 005 | 20140924040724.0 | ||
| 008 | 880422s1988 mnu b s001 0 eng | ||
| 020 | |a 0816616817 | ||
| 020 | |a 0816616825 (pbk.) | ||
| 040 | |a DLC |c DLC |d DLC |d CIICLA | ||
| 082 | 0 | 0 | |a 320.011 |2 19 |b H893p |
| 100 | 1 | |a Howard, Dick, |d 1943- | |
| 245 | 1 | 4 | |a The politics of critique / |c Dick Howard. |
| 260 | |a Minneapolis, MN : |b University of Minnesota Press, |c c1988. | ||
| 300 | |a xxviii, 245 páginas | ||
| 500 | |a Incluye índice. | ||
| 504 | |a Bibliografía: páginas 215-236. | ||
| 600 | 1 | 4 | |a KANT, IMMANUEL, |d 1724-1804. |
| 600 | 1 | 0 | |a MARX, KARL, |d 1818-1883. |
| 650 | 1 | 4 | |a CIENCIA POLITICA |x HISTORIA |
| 650 | 1 | 4 | |a CIENCIA POLITICA |x FILOSOFIA |
| 942 | |2 ddc |c BK | ||
| 999 | |c 3500 |d 3500 | ||



